[Event "Match"]
[Site "www.echecsemail.com"]
[Date "2019.12.18"]
[Round "1"]
[White "Apdash"]
[Black "Whitekknight"]
[WhiteElo "2240"]
[BlackElo "1850"]
[Result "1-0"]
[Round "1"]
1.e4 e5
2.Ng1f3 Nb8c6
3.Bf1c4 h6
4.d4 exd4
5.Nf3xd4 Nc6e5
6.Bc4b3 Bf8c5
7.Bc1f4 d6
8.Nb1c3 Ng8f6
9.O-O O-O
10.Qd1d2 Nf6xe4
11.Nc3xe4 Bc5xd4
12.Qd2xd4 Rf8e8
13.Ra1d1 Qd8f6
14.Ne4xf6 gxf6
15.Bf4xh6 Kh8
16.f4 Bc8e6
17.fxe5 dxe5
18.Qd4h4 Kg8
19.Qh4xf6 { resign }
1-0

[Event "Match"]
[Site "www.echecsemail.com"]
[Date "2019.12.18"]
[Round "1"]
[White "Guidom"]
[Black "Apdash"]
[WhiteElo "2040"]
[BlackElo "2240"]
[Result "1/2-1/2"]
[Round "1"]
1.e4 c5
2.Ng1f3 Nb8c6
3.Nb1c3 d6
4.d3 Bc8g4
5.Bf1e2 a6
6.O-O Ng8f6
7.h3 Bg4h5
8.Bc1g5 e6
9.Qd1d2 Bf8e7
10.Rf1e1 O-O
11.a3 Qd8c7
12.Ra1d1 Nf6d7
13.Bg5xe7 Nc6xe7
14.Nf3h2 Bh5xe2
15.Qd2xe2 b5
16.f4 Ra8e8
17.Qe2f3 f5
18.Qf3g3 Rf8f6
19.Nh2f3 Rf6g6
20.Qg3f2 d5
21.exd5 exd5
22.Nf3e5 Nd7xe5
23.Re1xe5 d4
24.Nc3d5 Qc7d7
25.Rd1e1 Ne7xd5
26.Re5xe8 Kf7
27.Re8e5 Nd5e3
28.Re1xe3 dxe3
29.Qf2xe3 c4
30.d4 h5
31.c3 h4
32.Qe3f3 Kg8
33.Qf3h5 Qd7c6
34.d5 Qc6c5
35.Kh2 Qc5f2
36.Re5e8 Kf7
37.Qh5xf5 Rg6f6
38.Qf5d7 Kg6
39.Qd7g4 Kf7
40.Qg4d7 { draw }
1/2-1/2

[Event "Tourn. n10266"]
[Site "www.echecsemail.com"]
[Date "2019.12.18"]
[Round "1"]
[White "Fantomas"]
[Black "Aders1"]
[WhiteElo "2150"]
[BlackElo "2109"]
[Result "1/2-1/2"]
[Round "1"]
1.e4 g6
2.Bf1c4 Bf8g7
3.d4 c6
4.c3 b5
5.Bc4b3 d6
6.Bc1e3 Ng8f6
7.Bb3c2 a5
8.Nb1d2 Nb8d7
9.h3 e5
10.Ng1f3 Bc8a6
11.Bc2d3 O-O
12.O-O Rf8e8
13.Qd1e2 exd4
14.Nf3xd4 Nd7e5
15.b3 Qd8c7
16.Bd3c2 b4
17.c4 Ra8d8
18.f4 Ne5d7
19.Ra1c1 Nd7c5
20.Qe2f3 d5
21.e5 Nf6d7
22.Rf1e1 Rd8c8
23.Bc2b1 dxc4
24.Nd2xc4 Bg7f8
25.Re1d1 Ba6xc4
26.Rc1xc4 Nd7b6
27.Rc4c1 Nb6d5
28.Be3d2 Qc7e7
29.Nd4xc6 Rc8xc6
30.Qf3xd5 Rc6c8
31.Qd5f3 f6
32.exf6 Qe7xf6
33.Bd2e3 Nc5e6
34.Qf3f2 Rc8xc1
35.Rd1xc1 Bf8h6
36.g3 Bh6g7
37.Bb1d3 Qf6b2
38.Rc1c2 Qb2a1
39.Kg2 Re8d8
40.Bd3c4 Qa1f6
41.Be3b6 Rd8d6
42.Bb6xa5 Kh8
43.Ba5xb4 Rd6d1
44.Bb4c3 Ne6d4
45.Bc3xd4 Qf6xd4
46.Qf2xd4 Bg7xd4
47.g4 Kg7
48.Bc4f1 h6
49.a4 Rd1a1
50.Bf1c4 Ra1g1
51.Kf3 Rg1h1
52.Kg3 Rh1g1
53.Rc2g2 Rg1a1
54.h4 Ra1e1
55.Rg2e2 Re1g1
56.Kh3 Rg1h1
57.Kg3 Rh1g1
58.Re2g2 Rg1e1
59.h5 Re1e3
60.Kh4 Re3f3
61.g5 Rf3xf4
62.Rg2g4 hxg5
63.Kxg5 Rf4xg4
64.Kxg4 gxh5
65.Kxh5 Kf6
66.Kg4 Ke5
67.Kf3 Bd4c3
68.Ke3 Kd6
69.Kd3 Bc3b4
70.Ke4 Kc6
71.Kd4 Kb6
72.Bc4b5 Ka5
73.Kc4 { draw }
1/2-1/2

[Event "Match"]
[Site "www.echecsemail.com"]
[Date "2019.12.18"]
[Round "1"]
[White "Estonia"]
[Black "Apdash"]
[WhiteElo "1890"]
[BlackElo "2280"]
[Result "0-1"]
[Round "1"]
1.e4 c5
2.Ng1f3 d6
3.d4 cxd4
4.Nf3xd4 Nb8c6
5.Bf1b5 Bc8d7
6.Nb1c3 a6
7.Bb5e2 g6
8.O-O Bf8g7
9.Nd4xc6 bxc6
10.Bc1e3 Qd8a5
11.Be3d2 Qa5b6
12.Ra1b1 Ng8f6
13.Be2f3 O-O
14.Qd1c1 Bd7g4
15.Bf3xg4 Nf6xg4
16.h3 Ng4e5
17.Bd2h6 Ra8b8
18.Bh6xg7 Kxg7
19.Nc3e2 Qb6a5
20.a3 Rb8b5
21.b4 Qa5c7
22.c4 Rb5b7
23.c5 dxc5
24.Qc1xc5 Rb7b5
25.Qc5e3 Rf8b8
26.Ne2d4 Rb5b7
27.Rf1c1 Qc7d7
28.Nd4f3 Ne5xf3
29.Qe3xf3 a5
30.Qf3c3 f6
31.Qc3xc6 Qd7xc6
32.Rc1xc6 axb4
33.axb4 Rb7xb4
34.Rb1xb4 Rb8xb4
35.f3 Kf7
36.Kf2 h5
37.Ke3 h4
38.Rc6c3 Rb4b2
39.f4 Rb2xg2
40.Kd4 g5
41.fxg5 Rg2xg5
42.Rc3c1 Rg5g3
43.Rc1h1 Ke6
44.Rh1h2 Rg3f3
45.Rh2h1 Kf7
46.Kc4 e5
47.Rh1h2 Ke6
48.Rh2h1 Rf3e3
49.Rh1h2 Re3xe4
50.Kd3 f5
51.Rh2a2 Re4d4
52.Ke3 f4
53.Kf2 Kf5
54.Ra2a8 Ke4
55.Ra8h8 Rd4d2
56.Kg1 f3
57.Rh8xh4 Ke3
58.Rh4h5 f2
{ resign }
0-1

[Event "Match"]
[Site "www.echecsemail.com"]
[Date "2019.12.18"]
[Round "1"]
[White "Cal"]
[Black "Zsigazsuga"]
[WhiteElo "1750"]
[BlackElo "1499"]
[Result "0-1"]
[Round "1"]
1.c4 e5
2.e4 Nb8c6
3.a3 Ng8f6
4.b4 d6
5.d3 Nc6d4
6.Nb1c3 Bf8e7
7.h3 O-O
8.Ng1f3 Nd4e6
9.Bf1e2 c6
10.O-O Nf6d7
11.Bc1e3 f5
12.Be3d2 fxe4
13.Nc3xe4 Ne6f4
14.Bd2xf4 Rf8xf4
15.Qd1c2 d5
16.cxd5 cxd5
17.Ne4d2 Kh8
18.Qc2b3 Nd7b6
19.Nf3xe5 Bc8e6
20.Nd2f3 Ra8c8
21.g3 Rf4f6
22.Nf3d4 Be6xh3
23.Nd4f3 Bh3xf1
24.Kxf1 Be7d6
25.Nf3g5 Bd6xe5
26.Be2g4 Rc8c3
27.Qb3d1 Rc3xd3
28.Qd1xd3 Rf6xf2
29.Kxf2 Qd8xg5
30.Ra1f1 Qg5xg4
31.Kg2 Kg8
32.Rf1f3 Qg4c4
33.Qd3f5 Be5f6
34.Qf5e6 Kf8
35.Qe6d6 Kf7
36.Kh3 Qc4c8
37.g4 h5
38.Rf3f5 hxg4
39.Kxg4 Kg6
40.Qd6f4 Qc8c4
41.Rf5h5 Qc4xf4
42.Kxf4 Kxh5
{ resign }
0-1

[Event "1/64 Finale"]
[Site "www.chess-mail.com"]
[Date "2019.12.18"]
[Round "1"]
[White "Joskomol"]
[Black "Ffdd65"]
[WhiteElo "2020"]
[BlackElo "2310"]
[Result "0-1"]
[Round "1"]
1.e4 e5
2.Ng1f3 Nb8c6
3.Bf1b5 Ng8e7
4.c3 a6
5.Bb5a4 b5
6.Ba4b3 d5
7.O-O h6
8.exd5 Ne7xd5
9.d4 e4
10.c4 { time. }
0-1

[Event "Tourn. n10223"]
[Site "www.echecsemail.com"]
[Date "2019.12.19"]
[Round "1"]
[White "D4minance"]
[Black "Gandalf50"]
[WhiteElo "2850"]
[BlackElo "2400"]
[Result "1-0"]
[Round "1"]
1.d4 Ng8f6
2.c4 e5
3.dxe5 Nf6g4
4.Bc1f4 Nb8c6
5.Ng1f3 Bf8b4
6.Nb1d2 Qd8e7
7.e3 Ng4xe5
8.Nf3xe5 Nc6xe5
9.Bf1e2 O-O
10.O-O Bb4xd2
11.Qd1xd2 d6
12.b4 b6
13.c5 Rf8d8
14.cxd6 cxd6
15.Rf1d1 Bc8e6
16.Qd2d4 f6
17.a4 Ra8c8
18.Be2a6 Rc8c7
19.a5 bxa5
20.bxa5 Be6b3
21.Rd1c1 Rc7c5
22.e4 Ne5c6
23.Qd4d2 Qe7xe4
24.Bf4e3 Rc5xc1
25.Ra1xc1 Rd8e8
26.Ba6f1 Bb3d5
27.a6 Qe4e6
28.h3 Re8e7
29.Rc1b1 h6
30.Rb1b7 Re7f7
31.Qd2c3 Qe6e5
32.Qc3d3 Qe5e6
33.Rb7b5 Bd5e4
34.Qd3c4 Qe6xc4
35.Bf1xc4 d5
36.Bc4a2 Kh7
37.f3 Be4d3
38.Rb5xd5 Bd3g6
39.Ba2c4 Rf7c7
40.Bc4b5 Nc6e5
41.f4 Ne5c6
42.f5 Bg6e8
43.Rd5d6 h5
44.Bb5a4 Rc7c8
45.Rd6e6 Be8d7
46.Be3xa7 Bd7xe6
47.fxe6 Nc6xa7
48.e7 h4
49.e8Q Rc8xe8
50.Ba4xe8 g5
51.Kf2 Kg8
52.Ke2 Kf8
53.Be8a4 Ke7
54.Ke3 Ke6
55.Kd4 Kd6
56.Ke4 Ke6
57.Ba4b3 Kd6
58.Kf5 Ke7
59.Bb3a4 Na7c8
60.Ba4d7 { resign }
1-0

[Event "Tourn. n10241"]
[Site "www.echecsemail.com"]
[Date "2019.12.19"]
[Round "1"]
[White "Tartan"]
[Black "Galiany17"]
[WhiteElo "2480"]
[BlackElo "2610"]
[Result "0-1"]
[Round "1"]
1.e4 c5
2.Nb1c3 Nb8c6
3.Ng1f3 e6
4.d4 cxd4
5.Nf3xd4 Ng8f6
6.Bc1e3 Bf8b4
7.Bf1d3 d5
8.exd5 Nf6xd5
9.Nd4xc6 bxc6
10.Be3d2 O-O
11.O-O Bb4d6
12.Nc3e4 Bd6c7
13.Rf1e1 h6
14.Qd1f3 Ra8b8
15.b3 f5
16.Ne4g3 Qd8d6
17.Ra1d1 e5
18.Bd3c4 e4
19.Qf3h5 Kh7
20.Ng3e2 f4
21.Bc4xd5 cxd5
22.c4 Rf8f5
23.Qh5h4 e3
24.fxe3 f3
25.gxf3 Qd6g6
{ resign }
0-1

[Event "Match"]
[Site "www.echecsemail.com"]
[Date "2019.12.19"]
[Round "1"]
[White "Ditto"]
[Black "Emmanuel69"]
[WhiteElo "1830"]
[BlackElo "2050"]
[Result "0-1"]
[Round "1"]
1.d4 d5
2.Ng1f3 Ng8f6
3.Bc1f4 e6
4.e3 a6
5.c4 Nb8c6
6.a3 Bf8e7
7.Nb1c3 O-O
8.cxd5 exd5
9.Bf1d3 h6
10.h3 Be7d6
11.Bf4xd6 Qd8xd6
12.O-O Rf8e8
13.Bd3c2 Bc8e6
14.Qd1d3 g6
15.Nf3h4 g5
16.Nh4f3 Nc6e7
17.Rf1e1 Ne7g6
18.Nf3e5 Ng6h4
19.e4 dxe4
20.Nc3xe4 Nf6xe4
21.Qd3xe4 Be6f5
22.Qe4e2 Qd6xd4
23.Qe2c4 Qd4xc4
24.Ne5xc4 Bf5xc2
25.Re1c1 Bc2a4
26.Nc4e3 Ba4c6
27.g3 Nh4f3
28.Kf1 Ra8c8
29.Ne3f5 h5
30.Kg2 Nf3h4
31.Kf1 Nh4xf5
32.Rc1c5 Bc6d7
33.Ra1d1 Bd7e6
34.Rc5c3 c6
35.Rd1d2 Re8d8
36.Rd2e2 Rd8d1
37.Kg2 Be6d5
38.f3 Nf5d4
39.Re2e5 Rd1d2
40.Kf1 f6
41.Re5e1 Nd4xf3
42.Re1e3 Rd2xb2
43.Rc3d3 Kf7
44.a4 Nf3d2
45.Ke1 Nd2c4
46.Re3e2 Rb2xe2
47.Kxe2 Rc8e8
48.Kf2 Nc4b2
49.Rd3d4 Re8e4
50.Rd4d2 Nb2xa4
51.Rd2a2 Bd5xa2
52.Kf3 Ba2d5
53.Kf2 c5
54.Kf1 Re4e3
55.Kf2 Re3f3
56.Kg2 c4
{ resign }
0-1

[Event "Match"]
[Site "www.echecsemail.com"]
[Date "2019.12.19"]
[Round "1"]
[White "Scasan55"]
[Black "Coraza"]
[WhiteElo "1980"]
[BlackElo "1720"]
[Result "1-0"]
[Round "1"]
1.e4 e5
2.Ng1f3 Nb8c6
3.Bf1b5 Nc6d4
4.Bb5c4 h6
5.c3 Nd4xf3
6.Qd1xf3 Ng8f6
7.d3 Bf8c5
8.Nb1d2 d6
9.h3 c6
10.a3 a5
11.b4 axb4
12.cxb4 Bc5d4
13.Ra1a2 Bd4c3
14.O-O Bc3xd2
15.Bc1xd2 O-O
16.Qf3g3 Nf6h5
17.Qg3f3 Nh5f6
18.Kh2 b5
19.Bc4b3 Bc8e6
20.Bb3xe6 fxe6
21.Qf3e2 d5
22.exd5 Qd8xd5
23.Ra2a1 Ra8d8
24.Bd2c3 Qd5xd3
25.Qe2xe5 Rd8e8
26.Rf1d1 Qd3c4
27.f3 Rf8f7
28.Ra1c1 Qc4h4
29.Bc3e1 Qh4h5
30.Qe5xh5 Nf6xh5
31.Rc1xc6 Nh5f4
32.Be1g3 Nf4d5
33.Rd1e1 Rf7e7
34.Bg3d6 Re7d7
35.Bd6c5 e5
36.Rc6d6 Rd7xd6
37.Bc5xd6 Nd5b6
38.Re1a1 g5
39.Bd6c5 Nb6c4
40.a4 Re8a8
41.a5 Nc4d2
42.Ra1d1 Nd2b3
43.Rd1d5 Ra8e8
44.Kg3 e4
45.fxe4 Re8xe4
46.Bc5b6 Re4xb4
47.a6 Rb4f4
48.a7 Rf4f8
49.Rd5d8 b4
50.Rd8xf8 Kxf8
51.a8Q Kg7
52.Qa8b7 Kg6
53.Bb6e3 Nb3a5
54.Qb7b6 { resign }
1-0

[Event "Tourn. n10269"]
[Site "www.echecsemail.com"]
[Date "2019.12.19"]
[Round "1"]
[White "Chessutopia"]
[Black "Asoka"]
[WhiteElo "2569"]
[BlackElo "2700"]
[Result "1/2-1/2"]
[Round "1"]
1.b3 e5
2.Bc1b2 Nb8c6
3.Ng1f3 e4
4.Nf3d4 Nc6xd4
5.Bb2xd4 d5
6.e3 Bc8f5
7.d3 Ng8f6
8.Nb1d2 Bf8e7
9.Bf1e2 Qd8d7
10.dxe4 dxe4
11.Qd1c1 Ra8d8
12.Qc1b2 c5
13.Bd4c3 Nf6d5
14.O-O-O Nd5xc3
15.Qb2xc3 O-O
16.Nd2c4 { draw }
1/2-1/2

[Event "Match"]
[Site "www.echecsemail.com"]
[Date "2019.12.19"]
[Round "1"]
[White "Apdash"]
[Black "Fabos12"]
[WhiteElo "2240"]
[BlackElo "1480"]
[Result "1-0"]
[Round "1"]
1.e4 e6
2.d4 d5
3.e5 c5
4.c3 Nb8c6
5.Bf1b5 a6
6.Bb5a4 b5
7.Ba4c2 cxd4
8.cxd4 Qd8b6
9.Ng1f3 h6
10.O-O Bf8e7
11.Nb1c3 g5
12.Bc1e3 g4
13.Nf3e1 h5
14.Qd1d2 a5
15.f3 b4
{ time. }
1-0

[Event "Tourn. n10251"]
[Site "www.echecsemail.com"]
[Date "2019.12.19"]
[Round "1"]
[White "Sorim"]
[Black "Stepanpech"]
[WhiteElo "2330"]
[BlackElo "2720"]
[Result "1-0"]
[Round "1"]
1.d4 d5
2.c4 e6
3.e3 Ng8f6
4.Ng1f3 c6
5.Nb1c3 Nb8d7
6.Bc1d2 Bf8d6
7.Bf1d3 O-O
8.O-O dxc4
9.Bd3xc4 e5
10.dxe5 Nd7xe5
11.Bc4e2 Ne5xf3
12.Be2xf3 Rf8e8
13.Qd1c2 Bc8g4
{ time. }
1-0

[Event "Match"]
[Site "www.echecsemail.com"]
[Date "2019.12.19"]
[Round "1"]
[White "Cal"]
[Black "Krokolis"]
[WhiteElo "1770"]
[BlackElo "1599"]
[Result "0-1"]
[Round "1"]
1.c4 c5
2.Nb1c3 Ng8f6
3.h3 e6
4.e4 Nb8c6
5.a3 Bf8e7
6.Ng1f3 d5
7.cxd5 exd5
8.e5 Nf6d7
9.d3 d4
10.Nc3d5 Nd7xe5
11.Nd5f4 Qd8d6
12.b3 O-O
13.Bf1e2 Be7d8
14.O-O Bd8c7
15.Nf3h4 Ne5g6
16.Nh4xg6 fxg6
17.g3 g5
18.Nf4g2 Bc8xh3
19.Be2f3 Nc6e5
20.Bf3xb7 Ra8b8
21.Bb7e4 g4
22.Bc1f4 Qd6f6
23.Be4d5 Kh8
24.Ng2h4 g5
25.Bf4xe5 Bc7xe5
26.Rf1e1 Qf6xf2
27.Kh1 Qf2xg3
28.Qd1e2 Be5d6
29.Nh4g2 Qg3h2
{ resign }
0-1

[Event "1/32 Finale"]
[Site "www.chess-mail.com"]
[Date "2019.12.19"]
[Round "1"]
[White "Jaroslavpech"]
[Black "Gvladutz"]
[WhiteElo "2690"]
[BlackElo "2450"]
[Result "0-1"]
[Round "1"]
1.e4 e5
2.Ng1f3 Nb8c6
3.Bf1b5 Bf8c5
4.c3 Bc5b6
5.d4 Ng8f6
6.O-O O-O
7.Bc1g5 h6
8.Bg5h4 d6
9.Bb5xc6 bxc6
10.dxe5 dxe5
11.Nb1d2 Rf8e8
12.Qd1c2 Qd8e7
13.Ra1d1 Qe7e6
14.Bh4xf6 Qe6xf6
15.c4 c5
16.Rf1e1 Bc8g4
17.h3 Bg4h5
18.Re1e3 Ra8d8
19.Nd2b3 Bh5g6
20.Rd1xd8 Re8xd8
21.Re3d3 Rd8xd3
22.Qc2xd3 Qf6d6
23.Qd3e2 Bg6h7
24.Nb3d2 f6
25.Nd2f1 Qd6d7
26.g4 Bh7g6
27.Kg2 Bb6a5
28.Nf1g3 Bg6f7
29.b3 Ba5c3
30.Nf3e1 a5
31.Ne1d3 Qd7c6
32.a4 Bc3d4
33.h4 Qc6b7
34.Qe2d1 Kf8
35.f3 Kg8
36.h5 Qb7b6
37.Qd1c2 Bf7e6
38.Ng3f5 Qb6b7
39.Qc2d1 Qb7a8
40.Nf5e7 Kf7
41.Ne7g6 Kg8
42.Ng6h4 Kh7
43.Kg3 Qa8b7
44.Nh4f5 Kg8
45.Nf5e7 Kf7
46.Ne7g6 Qb7c6
47.Kg2 Qc6b6
48.Kf1 Qb6c6
49.Qd1c2 Qc6d7
50.Ke1 Be6xg4
51.fxg4 Qd7xg4
52.Qc2e2 Qg4g1
53.Kd2 Qg1a1
54.Qe2f3 Qa1a2
55.Ke1 Ke8
56.Qf3g4 { time. }
0-1

[Event "Match"]
[Site "www.echecsemail.com"]
[Date "2019.12.20"]
[Round "1"]
[White "Geodad5"]
[Black "Chapi"]
[WhiteElo "2060"]
[BlackElo "2090"]
[Result "1-0"]
[Round "1"]
1.d4 d5
2.c4 c6
3.Nb1c3 Ng8f6
4.Ng1f3 g6
5.Bc1f4 Bf8g7
6.e3 O-O
7.Bf1d3 dxc4
8.Bd3xc4 Nf6d5
9.Bf4g3 b5
10.Bc4xd5 cxd5
11.Nc3xb5 Qd8a5
12.Nb5c3 Bc8a6
13.Qd1a4 Qa5xa4
14.Nc3xa4 Nb8c6
15.Na4c5 Ba6c8
16.O-O f6
17.Ra1c1 Nc6b4
18.a3 Nb4a6
19.Rc1c3 Bc8g4
20.Nc5xa6 e5
21.Na6c5 exd4
22.Nf3xd4 Rf8e8
23.h3 Bg4c8
24.b4 f5
25.Nc5b3 Bc8a6
26.Rf1c1 Ba6c4
27.Rc3c2 Re8e7
28.Bg3d6 Re7d7
29.Bd6c5 a6
30.Nb3d2 Bc4b5
31.Nd2f3 Ra8c8
32.Bc5b6 Bb5c4
33.a4 Rc8b8
34.Bb6a5 Bg7f8
35.Rc2b2 Rd7b7
36.Nd4c6 Rb8c8
37.Nf3d4 Bf8g7
38.Nc6d8 Rb7b8
39.Nd8e6 Bg7e5
40.f4 Be5f6
41.b5 axb5
42.axb5 Rc8e8
43.Ba5c3 Bf6xd4
44.Ne6xd4 Re8xe3
45.Kf2 Re3e4
46.g3 h6
47.b6 Bc4a6
48.Nd4f3 Kf7
49.Nf3e5 Ke6
50.Ne5xg6 Re4c4
51.Bc3d2 Rc4e4
52.Rc1e1 h5
53.Re1xe4 fxe4
54.Ke3 Kd6
55.f5 Ba6d3
56.Ng6f4 Bd3c4
57.Bd2c3 Bc4a6
58.Nf4xh5 Ba6b7
59.Bc3d4 { resign }
1-0

[Event "Match"]
[Site "www.echecsemail.com"]
[Date "2019.12.20"]
[Round "1"]
[White "Apdash"]
[Black "Emmanuel69"]
[WhiteElo "2210"]
[BlackElo "1950"]
[Result "1-0"]
[Round "1"]
1.e4 c6
2.d4 d5
3.exd5 cxd5
4.Ng1f3 Ng8f6
5.Bf1e2 a6
6.O-O e6
7.Bc1g5 Bf8e7
8.c4 dxc4
9.Be2xc4 O-O
10.Rf1e1 h6
11.Bg5h4 Nb8c6
12.Nb1c3 Rf8e8
13.Bc4b3 g5
14.Bh4g3 Be7f8
15.d5 exd5
16.Re1xe8 Qd8xe8
17.Nc3xd5 Nf6xd5
18.Bb3xd5 Bc8d7
19.Qd1d2 Qe8c8
20.Ra1c1 Bf8g7
21.Nf3e5 Bg7xe5
22.Bg3xe5 Qc8e8
23.Be5f6 Ra8c8
24.Rc1c3 Nc6b8
25.h4 Bd7c6
26.hxg5 Bc6xd5
27.Rc3xc8 Qe8xc8
28.Qd2xd5 Nb8d7
29.Bf6c3 hxg5
30.Qd5xg5 Kf8
31.Bc3b4 Nd7c5
32.Bb4xc5 Ke8
33.Qg5e7 
1-0

[Event "Tourn. n10242"]
[Site "www.echecsemail.com"]
[Date "2019.12.20"]
[Round "1"]
[White "Osopanda"]
[Black "Vasylpuzanov"]
[WhiteElo "1610"]
[BlackElo "1760"]
[Result "1-0"]
[Round "1"]
1.d4 d5
2.c4 e6
3.Nb1c3 Ng8f6
4.Bc1g5 Bf8e7
5.e3 h6
6.Bg5h4 O-O
7.Ng1f3 b6
8.cxd5 exd5
9.Bf1d3 Bc8b7
10.O-O Nb8d7
11.Ra1c1  { time }
1-0

[Event "Tourn. n10271"]
[Site "www.echecsemail.com"]
[Date "2019.12.20"]
[Round "1"]
[White "D4minance"]
[Black "Apdash"]
[WhiteElo "2890"]
[BlackElo "2280"]
[Result "1-0"]
[Round "1"]
1.e4 c5
2.Ng1f3 d6
3.Bf1b5 Bc8d7
4.Bb5xd7 Nb8xd7
5.O-O g6
6.c3 Bf8g7
7.d4 cxd4
8.cxd4 e6
9.Nb1c3 a6
10.Qd1b3 b5
11.a4 bxa4
12.Qb3xa4 Ng8f6
13.e5 dxe5
14.dxe5 Nf6g8
15.Rf1d1 h6
16.Nc3e4 Ra8a7
17.Bc1e3 Ra7a8
18.Ne4c5 Ra8a7
19.Nc5xd7 Ra7xd7
20.Be3b6 Qd8e7
21.Ra1c1 { resign }
1-0

[Event "Match"]
[Site "www.echecsemail.com"]
[Date "2019.12.20"]
[Round "1"]
[White "Cal"]
[Black "Apdash"]
[WhiteElo "1750"]
[BlackElo "2240"]
[Result "0-1"]
[Round "1"]
1.c4 e5
2.e4 c6
3.a3 Ng8f6
4.Nb1c3 a5
5.h3 d5
6.cxd5 cxd5
7.d3 d4
8.Nc3e2 Nb8c6
9.Ng1f3 Bf8e7
10.Ne2g3 O-O
11.b3 Nf6e8
12.Bf1e2 f5
13.exf5 Bc8xf5
14.O-O Ne8d6
15.Bc1b2 Be7g5
16.Nf3xe5 Nc6xe5
17.Bb2xd4 Bg5f4
18.Bd4xe5 Bf4xe5
19.d4 Be5f4
20.Ng3h5 Bf4h6
21.d5 Ra8c8
22.Be2f3 Bf5c2
23.Qd1d4 Bc2xb3
24.Bf3g4 Rc8c4
25.Qd4e5 Rc4e4
26.Qe5c3 a4
27.Bg4e6 Kh8
28.g3 Qd8g5
29.Nh5f4 Re4xf4
30.Kh2 Rf4xf2
31.Rf1xf2 Rf8xf2
32.Kg1 Qg5e3
33.Qc3c7 Rf2c2
34.Kh1 Qe3f3
35.Kg1 Qf3g2
{ resign }
0-1

[Event "Tourn. n10242"]
[Site "www.echecsemail.com"]
[Date "2019.12.20"]
[Round "1"]
[White "Vasylpuzanov"]
[Black "Zsigazsuga"]
[WhiteElo "1680"]
[BlackElo "1559"]
[Result "0-1"]
[Round "1"]
1.e4 c5
2.f4 Nb8c6
3.Nb1c3 e6
4.e5 d6
5.exd6 Bf8xd6
6.Bf1b5 Qd8b6
7.d3 Bc8d7
8.Ng1f3 Ng8f6
9.O-O O-O
10.Nf3d2 Nc6d4
11.Bb5xd7 Nf6xd7
12.Nd2c4 Qb6c7
13.Nc4xd6 Qc7xd6
14.Nc3e4 Qd6e7
15.Bc1e3 Ra8c8
16.Be3xd4 cxd4
 { time }
0-1

[Event "Match"]
[Site "www.echecsemail.com"]
[Date "2019.12.20"]
[Round "1"]
[White "Apdash"]
[Black "Add"]
[WhiteElo "2280"]
[BlackElo "2100"]
[Result "1-0"]
[Round "1"]
1.e4 Nb8c6
2.d4 e6
3.c4 d6
4.Nb1c3 Bf8e7
5.Bc1e3 Be7f6
6.Ng1f3 e5
7.d5 Nc6d4
8.Nf3xd4 exd4
9.Be3xd4 Bf6xd4
10.Qd1xd4 Ng8f6
11.Bf1e2 O-O
12.O-O Rf8e8
13.f4 Nf6d7
14.Be2d3 Nd7c5
15.Bd3c2 b6
16.Ra1e1 f6
17.b4 Nc5d7
18.Bc2a4 Bc8b7
19.Re1e3 a6
20.Ba4xd7 Qd8xd7
21.c5 bxc5
22.bxc5 dxc5
23.Qd4xc5 Qd7d6
24.Qc5d4 c6
25.e5 fxe5
26.fxe5 c5
27.Qd4f4 Qd6f8
28.Qf4c4 Qf8xf1
29.Qc4xf1 { resign }
1-0

[Event "Tourn. n10266"]
[Site "www.echecsemail.com"]
[Date "2019.12.20"]
[Round "1"]
[White "Apdash"]
[Black "Fantomas"]
[WhiteElo "2280"]
[BlackElo "2160"]
[Result "0-1"]
[Round "1"]
1.e4 e5
2.Ng1f3 d6
3.d4 exd4
4.Nf3xd4 g6
5.Nb1c3 Bf8g7
6.Bc1e3 Bc8d7
7.Qd1d2 Nb8c6
8.Bf1c4 Ng8f6
9.f3 O-O
10.O-O-O Rf8e8
11.g4 Nc6e5
12.Qd2e2 Ne5xc4
13.Qe2xc4 a6
14.h4 h5
15.gxh5 Nf6xh5
16.Rd1g1 c6
17.Qc4b3 c5
18.Nd4e2 Bd7e6
19.Qb3xb7 Be6c4
20.b3 Ra8b8
21.Qb7c6 Rb8b6
22.Qc6a4 Bc4b5
23.Nc3xb5 axb5
24.Qa4a5 b4
25.Rg1d1 Qd8c7
26.Rd1d5 Qc7b7
27.a4 Re8a8
28.Qa5xb6 Qb7xb6
29.Rh1d1 Bg7f8
30.Rd1g1 Kh7
31.e5 dxe5
32.Rd5xe5 Bf8d6
33.Re5d5 Nh5f6
34.Rd5g5 Ra8e8
35.Kd2 Re8e5
36.f4 Nf6e4
37.Kc1 Re5xg5
38.hxg5 Qb6c7
39.Kb2 Ne4c3
40.Ne2d4 Bd6xf4
41.Be3xf4 Qc7xf4
42.Nd4c6 Nc3e2
43.Rg1e1 Qf4d2
44.Re1f1 Ne2f4
45.Kb1 Qd2d6
46.Nc6a5 Kg7
47.Na5c4 Qd6d4
48.a5 Nf4e6
49.a6 Ne6c7
50.a7 Qd4d5
51.Kb2 Nc7b5
52.Rf1a1 Nb5xa7
53.Ra1xa7 Qd5xg5
54.Ra7d7 Qg5f6
55.Kb1 Qf6e6
56.Rd7c7 Qe6d5
57.Rc7e7 Kf6
58.Re7e1 g5
59.Nc4e3 Qd5e4
60.Re1f1 Kg6
61.Ne3c4 f5
62.Nc4d6 Qe4e5
63.Nd6xf5 Qe5xf5
64.Rf1xf5 Kxf5
65.Kc1 Kf4
66.Kd2 Kf3
67.Ke1 Kg2
68.Ke2 g4
69.Ke1 g3
{ resign }
0-1

[Event "Tourn. n10264"]
[Site "www.echecsemail.com"]
[Date "2019.12.20"]
[Round "1"]
[White "Argento"]
[Black "Fantomas"]
[WhiteElo "2290"]
[BlackElo "2150"]
[Result "1-0"]
[Round "1"]
1.e4 c6
2.d4 d5
3.Nb1c3 dxe4
4.Nc3xe4 Bc8f5
5.Ne4g3 Bf5g6
6.h4 h6
7.Ng1f3 Ng8f6
8.Nf3e5 Bg6h7
9.Bf1d3 e6
10.Bd3xh7 Nf6xh7
11.Qd1h5 Qd8f6
12.Ng3e4 Qf6f5
13.Qh5e2 Nh7f6
14.Ne4g3 Qf5h7
15.O-O Bf8d6
16.c4 O-O
17.b3 Nb8d7
18.Bc1b2 Ra8d8
19.Ra1d1 Rf8e8
20.Rd1d3 Nd7f8
21.Rd3f3 Re8e7
22.Rf3xf6 Bd6xe5
23.dxe5 gxf6
24.Ng3e4 Kh8
25.Ne4xf6 Qh7g6
26.h5 Qg6g7
27.Rf1d1 Rd8c8
28.Rd1d3 b6
29.Rd3g3 Nf8g6
30.hxg6 fxg6
31.Qe2d3 { resign }
1-0

[Event "Match"]
[Site "www.echecsemail.com"]
[Date "2019.12.20"]
[Round "1"]
[White "Llord"]
[Black "Gilliere"]
[WhiteElo "1930"]
[BlackElo "2050"]
[Result "0-1"]
[Round "1"]
1.e4 c5
2.Bf1c4 d6
3.Ng1f3 Ng8f6
4.Nb1c3 e6
5.e5 dxe5
6.Nf3xe5 Bf8d6
7.Ne5g4 Nf6xg4
8.Qd1xg4 O-O
9.d3 Kh8
10.b3 Nb8c6
11.Nc3e4 f5
12.Qg4h5 fxe4
13.O-O g6
14.Bc1b2 e5
15.h3 gxh5
16.dxe4 a6
17.a4 Qd8e7
18.Ra1d1 Bc8e6
19.Bc4xe6 Qe7xe6
20.c4 Nc6d4
21.Rd1d2 Nd4xb3
{ resign }
0-1

[Event "Tourn. n10238"]
[Site "www.echecsemail.com"]
[Date "2019.12.21"]
[Round "1"]
[White "Seger"]
[Black "Jerome"]
[WhiteElo "2810"]
[BlackElo "2780"]
[Result "1/2-1/2"]
[Round "1"]
1.e4 c5
2.Ng1f3 e6
3.c3 Ng8f6
4.e5 Nf6d5
5.d4 cxd4
6.cxd4 b6
7.Bf1d3 Bc8a6
8.O-O Ba6xd3
9.Qd1xd3 Nb8c6
10.Qd3e4 Ra8c8
11.Bc1d2 f5
12.exf6 Nd5xf6
13.Qe4e2 Bf8e7
14.Nb1c3 O-O
15.Ra1c1 Qd8e8
16.Bd2f4 Qe8h5
17.Bf4g3 Nf6d5
18.Rf1d1 Be7g5
19.Nf3xg5 Qh5xg5
20.h4 Qg5f5
21.Bg3d6 Rf8d8
22.a4 h6
23.Nc3b5 Rd8e8
24.Bd6g3 Qf5g6
25.Bg3d6 Re8d8
26.Nb5c3 Qg6f5
27.Nc3b5 Qf5g6
{ draw }
1/2-1/2

[Event "Match"]
[Site "www.echecsemail.com"]
[Date "2019.12.21"]
[Round "1"]
[White "Numanoid"]
[Black "Jalenakravit"]
[WhiteElo "2750"]
[BlackElo "2669"]
[Result "1-0"]
[Round "1"]
1.e4 c5
2.d3 e6
3.f4 d5
4.Bf1e2 Nb8c6
5.Ng1f3 dxe4
6.dxe4 Qd8xd1
7.Be2xd1 b6
8.c3 Bc8b7
9.Bc1e3 Bf8d6
10.Nb1d2 Bd6c7
11.Bd1c2 h6
12.h3 O-O-O
13.O-O-O Ng8f6
14.Rh1e1 Rh8e8
15.g3  { time }
1-0

[Event "Tourn. n10249"]
[Site "www.echecsemail.com"]
[Date "2019.12.21"]
[Round "1"]
[White "Dussek"]
[Black "Vasylpuzanov"]
[WhiteElo "1870"]
[BlackElo "1710"]
[Result "1-0"]
[Round "1"]
1.e4 e5
2.Nb1c3 Nb8c6
3.d3 Bf8c5
4.f4 d6
5.f5 g6
6.fxg6 hxg6
7.Ng1f3 a5
8.Nc3d5 Nc6d4
9.Nf3xd4 Bc5xd4
10.c3 Bd4a7
11.Bc1d2 c6
12.Nd5e3 f5
13.Bf1e2 f4
14.Ne3c4 Qd8h4
15.g3 fxg3
16.Bd2e3 g2
17.Kd2 gxh1Q
18.Qd1xh1 Ba7xe3
19.Nc4xe3  { time }
1-0

[Event "Tourn. n10234"]
[Site "www.echecsemail.com"]
[Date "2019.12.21"]
[Round "1"]
[White "Galiany17"]
[Black "Reignblowcan"]
[WhiteElo "2610"]
[BlackElo "2610"]
[Result "0-1"]
[Round "1"]
1.e4 c5
2.Nb1c3 g6
3.Bf1c4 d6
4.d3 Ng8f6
5.Ng1f3 Bf8g7
6.O-O Nb8c6
7.h3 O-O
8.Rf1e1 a6
9.a4 Nf6d7
10.Bc1f4 Nd7e5
11.Nf3xe5 Nc6xe5
12.Qd1d2 Ra8b8
13.Bc4d5 e6
14.Bd5c4 b6
15.Bf4g5 Qd8d7
16.Bc4b3 Ne5c6
17.Bg5h6 Bg7xh6
18.Qd2xh6 Bc8b7
19.h4 Nc6d4
20.h5 Qd7e7
21.Re1e3 Kh8
22.Re3g3 Rf8g8
23.Rg3h3 gxh5
24.Qh6xh5 f5
25.Kh1 Rg8g5
26.Qh5h6 Rb8g8
27.Rh3h2 fxe4
28.dxe4 d5
29.Ra1e1 c4
30.Bb3a2 Nd4xc2
31.Re1d1 dxe4
32.Ba2b1 e3
{ resign }
0-1

[Event "Tourn. n10246"]
[Site "www.echecsemail.com"]
[Date "2019.12.21"]
[Round "1"]
[White "Joskomol"]
[Black "Claudia"]
[WhiteElo "2020"]
[BlackElo "2120"]
[Result "0-1"]
[Round "1"]
1.e4 c5
2.Ng1f3 d6
3.d4 cxd4
4.Nf3xd4 Ng8f6
5.Nb1c3 e6
6.Bc1e3 Nb8c6
7.Bf1c4 a6
8.Qd1e2 Bf8e7
 { time }
0-1

[Event "Tourn. n10246"]
[Site "www.echecsemail.com"]
[Date "2019.12.21"]
[Round "1"]
[White "Libiesse"]
[Black "Joskomol"]
[WhiteElo "2010"]
[BlackElo "2020"]
[Result "1-0"]
[Round "1"]
1.Ng1f3 Ng8f6
2.d4 d5
3.g3 c5
4.Bf1g2 Nb8c6
5.O-O Bc8g4
6.c4 cxd4
7.cxd5 Bg4xf3
8.Bg2xf3 Nf6xd5
9.Qd1b3  { time }
1-0

[Event "Tourn. n10245"]
[Site "www.echecsemail.com"]
[Date "2019.12.21"]
[Round "1"]
[White "Vasylpuzanov"]
[Black "Cal"]
[WhiteElo "1650"]
[BlackElo "1760"]
[Result "0-1"]
[Round "1"]
1.e4 e5
2.Ng1f3 d6
3.Nb1c3 a6
4.Bf1c4 h6
5.d4 exd4
6.Nf3xd4 Ng8f6
7.O-O Nb8d7
8.Qd1e2 Nd7e5
9.Bc4b3 Bc8g4
10.f3 Bg4h5
11.g4 Bh5g6
12.f4 Ne5d7
13.e5 dxe5
14.fxe5 Qd8e7
15.exf6 Qe7xe2
16.Nd4xe2 Nd7xf6
17.Ne2f4 Bg6h7
18.Rf1e1 Bf8e7
19.Nc3d5 Nf6xd5
20.Nf4xd5 Kd7
21.Re1xe7 Kd6
22.Bc1f4 Kc5
23.Re7xc7 Kb5
24.a4 Ka5
 { time }
0-1